[Event "COL Subzt 2.3.4"]
[Site "Risarald"]
[Date "2021.11.27"]
[Round "8"]
[White "Gallego, Julian Andres"]
[Black "Sepulveda, Julio Orlando"]
[Result "1-0"]
[WhiteElo "2186"]
[BlackElo "2015"]
[PlyCount "95"]
[EventDate "2021.11.23"]
[EventType "swiss"]
[EventRounds "9"]
[EventCountry "COL"]
[SourceTitle "CBM 205 Extra"]
[Source "ChessBase"]
[SourceDate "2022.01.31"]
[SourceVersion "1"]
[SourceVersionDate "2022.01.31"]
[SourceQuality "1"]

1. d4 Nf6 2. Nf3 e6 3. c4 d5 4. Nc3 c6 5. g3 g6 6. Bg2 Bg7 7. 0-0 0-0 8. Bg5 h6 9. Bf4 Kh7 10. c5 b6 11. Bd6 Re8 12. Ne5 Kg8 13. Bxb8 Rxb8 14. Nxc6 Qc7 15. Nxb8 bxc5 16. dxc5 Qxb8 17. Qb3 Qc7 18. Rac1 Ba6 19. Qa3 Qb7 20. c6 Qb6 21. Na4 Qc7 22. Rfe1 Rb8 23. Nc5 Bc8 24. Na6 Bxa6 25. Qxa6 Rb6 26. Qa5 Bf8 27. a3 Bd6 28. b4 h5 29. e4 dxe4 30. Bxe4 h4 31. Bg2 hxg3 32. hxg3 Kg7 33. Red1 Ne8 34. Rc3 Qb8 35. Rcd3 Bc7 36. Qg5 Rb5 37. Qe7 Bb6 38. Rf3 Rf5 39. Rxf5 exf5 40. Qb7 Qe5 41. a4 Nf6 42. c7 Bxc7 43. Qxa7 Qe2 44. Rf1 Qe5 45. Qc5 Qxc5 46. bxc5 f4 47. gxf4 Bxf4 48. a5 1-0

[Event "COL Subzt 2.3.4"]
[Site "Risarald"]
[Date "2021.11.26"]
[Round "6"]
[White "Rativa Jimenez, Cesar Daniel"]
[Black "Sepulveda, Julio Orlando"]
[Result "0-1"]
[WhiteElo "1846"]
[BlackElo "2015"]
[PlyCount "80"]
[EventDate "2021.11.23"]
[EventType "swiss"]
[EventRounds "9"]
[EventCountry "COL"]
[SourceTitle "CBM 205 Extra"]
[Source "ChessBase"]
[SourceDate "2022.01.31"]
[SourceVersion "1"]
[SourceVersionDate "2022.01.31"]
[SourceQuality "1"]

1. e4 c5 2. c3 d6 3. d4 Nd7 4. Nf3 Qc7 5. Bd3 Ngf6 6. 0-0 a6 7. a4 e5 8. Re1 Be7 9. Nbd2 0-0 10. Nf1 Re8 11. Ng3 Nf8 12. d5 Ng6 13. Nf5 Bf8 14. Bg5 Qd8 15. h3 h6 16. Be3 Bxf5 17. exf5 Ne7 18. Qc2 Nexd5 19. Bd2 Qc8 20. c4 Ne7 21. g4 Nc6 22. Bc3 Nd4 23. Nxd4 cxd4 24. Bd2 Qc6 25. Bf1 d5 26. Rac1 Rac8 27. Qb3 dxc4 28. Bxc4 Qd7 29. f3 Rc6 30. Bd3 Qc7 31. Rxc6 bxc6 32. Bxa6 Rb8 33. Qd3 Rxb2 34. Re2 Ra2 35. Qb3 Ra3 36. Qb7 Qd6 37. Bc4 Nd5 38. Kg2 Rxa4 39. Bb3 Ra3 40. Bc2 d3 0-1

[Event "Cucuta Unicentro Cup"]
[Site "Cucuta"]
[Date "2021.09.21"]
[Round "7"]
[White "Sepulveda, Julio Orlando"]
[Black "Corzo Arocha, David"]
[Result "1-0"]
[WhiteElo "1982"]
[BlackElo "1764"]
[PlyCount "39"]
[EventDate "2021.09.18"]
[EventType "swiss"]
[EventRounds "7"]
[EventCountry "COL"]
[SourceTitle "EXT 2023"]
[Source "ChessBase"]
[SourceDate "2022.10.05"]
[SourceVersion "1"]
[SourceVersionDate "2022.10.05"]
[SourceQuality "1"]

1. e4 c5 2. Nf3 Nc6 3. d4 cxd4 4. Nxd4 e5 5. Nb5 d6 6. N1c3 Nf6 7. Na3 Nd4 8. Bg5 Be7 9. Bxf6 Bxf6 10. Nd5 a6 11. c3 Nc6 12. Nc4 b5 13. Ncb6 Rb8 14. Nxc8 Rxc8 15. a4 Rb8 16. Nxf6+ Qxf6 17. axb5 axb5 18. Ra6 Ne7 19. Rxd6 Qf4 20. Bxb5+ 1-0

[Event "COL-chT 21st"]
[Site "Cartagena"]
[Date "2019.11.30"]
[Round "8.2"]
[White "Contreras, Henry"]
[Black "Sepulveda, Julio Orlando"]
[Result "1-0"]
[WhiteElo "2237"]
[BlackElo "2047"]
[PlyCount "118"]
[EventDate "2019.11.30"]
[EventType "team-swiss"]
[EventRounds "9"]
[EventCountry "COL"]
[SourceTitle "CBM 195 Extra"]
[Source "ChessBase"]
[SourceDate "2020.05.31"]
[SourceVersion "1"]
[SourceVersionDate "2020.05.31"]
[SourceQuality "1"]
[WhiteTeam "Meta"]
[BlackTeam "Norte de Santander"]
[WhiteTeamCountry "COL"]
[BlackTeamCountry "COL"]

1. e4 e5 2. Nf3 Nc6 3. Bb5 a6 4. Ba4 Nf6 5. 0-0 Be7 6. Re1 b5 7. Bb3 0-0 8. d3 d6 9. Nbd2 Na5 10. Nf1 Bb7 11. c3 Nxb3 12. Qxb3 d5 13. Ng3 dxe4 14. dxe4 Nd7 15. Be3 Nc5 16. Bxc5 Bxc5 17. Rad1 Qe7 18. a4 Bc6 19. Nf5 Qf6 20. axb5 axb5 21. Qc2 h5 22. h4 g6 23. Ne3 Bxe3 24. Rxe3 Rad8 25. Ra1 Kg7 26. g3 Qd6 27. Ng5 Qd2 28. Qxd2 Rxd2 29. Ra6 Bb7 30. Ra7 Rb8 31. b4 Rd1+ 32. Kh2 f5 33. Ne6+ Kf6 34. Nc5 Bxe4 35. Nxe4+ fxe4 36. Rxc7 Rd2 37. Rxe4 Rxf2+ 38. Kg1 Rc2 39. Re3 Ra8 40. Rf3+ Ke6 41. Rf2 Ra1+ 42. Kg2 Rxf2+ 43. Kxf2 e4 44. Rc5 Rc1 45. Ke3 Rg1 46. Kf4 Kd6 47. Rg5 Rc1 48. Kxe4 Rxc3 49. Rxg6+ Ke7 50. Rg7+ Kf6 51. Rg5 Rc4+ 52. Kd3 Rxb4 53. Rxh5 Rg4 54. Rxb5 Rxg3+ 55. Ke2 Rh3 56. h5 Kg7 57. Kf2 Kh6 58. Kg2 Rxh5 59. Rxh5+ Kxh5 1-0

[Event "COL-chT 21st"]
[Site "Cartagena"]
[Date "2019.11.30"]
[Round "2.2"]
[White "Munoz Galvez, Jhon Edison"]
[Black "Sepulveda, Julio Orlando"]
[Result "1-0"]
[WhiteElo "2225"]
[BlackElo "2047"]
[PlyCount "87"]
[EventDate "2019.11.30"]
[EventType "team-swiss"]
[EventRounds "9"]
[EventCountry "COL"]
[SourceTitle "CBM 195 Extra"]
[Source "ChessBase"]
[SourceDate "2020.05.31"]
[SourceVersion "1"]
[SourceVersionDate "2020.05.31"]
[SourceQuality "1"]
[WhiteTeam "Caldas"]
[BlackTeam "Norte de Santander"]
[WhiteTeamCountry "COL"]
[BlackTeamCountry "COL"]

1. d4 c5 2. d5 d6 3. e4 Nf6 4. Nc3 g6 5. Nf3 Bg7 6. Nd2 0-0 7. Be2 a6 8. a4 b6 9. 0-0 e6 10. Nc4 e5 11. Bg5 h6 12. Be3 Qc7 13. Ra3 Nbd7 14. Qd2 Kh7 15. f4 Rb8 16. fxe5 Nxe5 17. Nxe5 dxe5 18. h3 Ne8 19. Raa1 Nd6 20. g4 b5 21. axb5 axb5 22. Bf3 Bd7 23. b3 c4 24. b4 Ra8 25. Bc5 Rfe8 26. Qe3 Nb7 27. Bg2 Kg8 28. Qf2 f6 29. d6 Qc6 30. Nd5 Rxa1 31. Rxa1 Rf8 32. Ne7+ Kh7 33. Nxc6 Bxc6 34. Ra6 Nd8 35. Bb6 Ne6 36. Ra7 Nf4 37. Qc5 Rc8 38. Rc7 Ra8 39. Qxc6 Ra1+ 40. Bf1 Nxh3+ 41. Kh2 Nf4 42. Qd7 Ne6 43. Qxe6 Rxf1 44. d7 1-0

[Event "COL-chT rapid"]
[Site "Cartagena"]
[Date "2019.11.29"]
[Round "1.3"]
[White "Blandon, Luis Guillermo"]
[Black "Sepulveda, Julio Orlando"]
[Result "1-0"]
[WhiteElo "2211"]
[BlackElo "2064"]
[PlyCount "79"]
[EventDate "2019.11.29"]
[EventType "team-swiss"]
[EventRounds "7"]
[EventCountry "COL"]
[SourceTitle "CBM 193 Extra"]
[Source "ChessBase"]
[SourceDate "2020.01.31"]
[SourceVersion "1"]
[SourceVersionDate "2020.01.31"]
[SourceQuality "1"]
[WhiteTeam "Antioquia"]
[BlackTeam "Norte de Santander"]
[WhiteTeamCountry "COL"]
[BlackTeamCountry "COL"]

1. e4 c5 2. Nf3 d6 3. d4 cxd4 4. Nxd4 Nf6 5. Nc3 a6 6. Bg5 e6 7. f4 h6 8. Bh4 Qb6 9. a3 Be7 10. Bf2 Qc7 11. Qe2 Nbd7 12. 0-0-0 b5 13. g4 g5 14. e5 dxe5 15. fxe5 Qxe5 16. Bg2 Qxe2 17. Ncxe2 Nxg4 18. Bg1 Ra7 19. Nxe6 Bb7 20. Bxa7 Bxg2 21. Rhg1 Bf3 22. Ng7+ Kd8 23. Rd2 Kc8 24. Nf5 Bc5 25. Bxc5 Nxc5 26. Ned4 Ne5 27. Nd6+ Kc7 28. Nxf7 Nxf7 29. Nxf3 Nd6 30. Re1 Rh7 31. Nd4 Nce4 32. Rde2 Rf7 33. Rxe4 Nxe4 34. Rxe4 Kd6 35. Re2 g4 36. Kd2 Rf6 37. b3 Kd5 38. Kd3 Rf3+ 39. Nxf3 gxf3 40. Rf2 1-0

[Event "COL-chT"]
[Site "Cartagena"]
[Date "2019.11.28"]
[Round "7.2"]
[White "Pardo, Alejandro"]
[Black "Sepulveda, Julio Orlando"]
[Result "1-0"]
[WhiteElo "2145"]
[BlackElo "2006"]
[PlyCount "60"]
[EventDate "2019.11.24"]
[EventType "team-swiss"]
[EventRounds "7"]
[EventCountry "COL"]
[SourceTitle "CBM 193 Extra"]
[Source "ChessBase"]
[SourceDate "2020.01.31"]
[SourceVersion "1"]
[SourceVersionDate "2020.01.31"]
[SourceQuality "1"]
[WhiteTeam "Meta"]
[BlackTeam "Norte de Santander"]
[WhiteTeamCountry "COL"]
[BlackTeamCountry "COL"]

1. d4 c5 2. e4 cxd4 3. Nf3 Nc6 4. Nxd4 g6 5. Nc3 Bg7 6. Be3 d6 7. Qd2 Nf6 8. f3 0-0 9. Bc4 Bd7 10. 0-0-0 Rc8 11. Bb3 Na5 12. h4 Nc4 13. Bxc4 Rxc4 14. g4 b5 15. h5 b4 16. Nd5 Nxd5 17. exd5 Qa5 18. Kb1 Be5 19. Nb3 Qc7 20. hxg6 fxg6 21. Bd4 Rxf3 22. Bxe5 dxe5 23. Rxh7 Kxh7 24. Rh1+ Kg7 25. Qh6+ Kf6 26. Qh4+ Kf7 27. Qh8 Rf1+ 28. Rxf1+ Bf5 29. gxf5 g5 30. Qh5+ Kf8 1-0

[Event "Santander Norte op"]
[Site "Santander"]
[Date "2019.10.12"]
[Round "3"]
[White "Sepulveda, Julio Orlando"]
[Black "Lizarazo, Doris Liliana"]
[Result "1/2-1/2"]
[WhiteElo "1983"]
[BlackElo "1732"]
[PlyCount "28"]
[EventDate "2019.10.11"]
[EventType "swiss"]
[EventRounds "7"]
[EventCountry "COL"]
[SourceTitle "CBM 192 Extra"]
[Source "Chessbase"]
[SourceDate "2019.11.06"]
[SourceVersion "1"]
[SourceVersionDate "2019.11.06"]
[SourceQuality "1"]

1. d4 d5 2. Nf3 b6 3. c3 Bb7 4. Qc2 g6 5. g3 Bg7 6. Bg2 Nd7 7. 0-0 Nh6 8. Bxh6 Bxh6 9. e3 0-0 10. Nbd2 c5 11. dxc5 bxc5 12. e4 dxe4 13. Nxe4 Bxe4 14. Qxe4 Nf6 1/2-1/2

[Event "COL pre olympic sf2"]
[Site "Palmira"]
[Date "2019.05.31"]
[Round "4"]
[White "Quinonez Garcia, Santiago"]
[Black "Sepulveda, Julio Orlando"]
[Result "1-0"]
[WhiteElo "2233"]
[BlackElo "1999"]
[PlyCount "80"]
[EventDate "2019.05.29"]
[EventType "swiss"]
[EventRounds "10"]
[EventCountry "COL"]
[SourceTitle "CBM 190 Extra"]
[Source "ChessBase"]
[SourceDate "2019.07.15"]
[SourceVersion "1"]
[SourceVersionDate "2019.07.15"]
[SourceQuality "1"]

1. e4 c5 2. Nf3 d6 3. d4 cxd4 4. Qxd4 Nc6 5. Bb5 Bd7 6. Bxc6 Bxc6 7. Nc3 Nf6 8. Bg5 e6 9. 0-0-0 Be7 10. Qd3 Qa5 11. h4 Rc8 12. Nd4 h6 13. Bxf6 Bxf6 14. f4 h5 15. f5 Bd7 16. fxe6 fxe6 17. Qg3 Qe5 18. Qe3 b5 19. Nf3 Qc5 20. Qxc5 dxc5 21. e5 Be7 22. Ne4 Bc6 23. Nd6+ Bxd6 24. exd6 Rd8 25. Ne5 Bd7 26. Rhf1 Rf8 27. Rxf8+ Kxf8 28. Rf1+ Kg8 29. c3 a5 30. g3 c4 31. Rf4 g6 32. a3 b4 33. Rxc4 bxa3 34. bxa3 Bb5 35. Rd4 Kg7 36. a4 Kf6 37. axb5 Kxe5 38. d7 Kf6 39. b6 e5 40. Rd2 e4 1-0

[Event "COL pre olympic sf2"]
[Site "Palmira"]
[Date "2019.05.29"]
[Round "1"]
[White "Sepulveda, Julio Orlando"]
[Black "Hernandez Bermudez, Manuela"]
[Result "1-0"]
[WhiteElo "1999"]
[BlackElo "1405"]
[PlyCount "33"]
[EventDate "2019.05.29"]
[EventType "swiss"]
[EventRounds "10"]
[EventCountry "COL"]
[SourceTitle "CBM 190 Extra"]
[Source "ChessBase"]
[SourceDate "2019.07.15"]
[SourceVersion "1"]
[SourceVersionDate "2019.07.15"]
[SourceQuality "1"]

1. e4 e5 2. Nf3 Nc6 3. Bb5 a6 4. Ba4 Nf6 5. 0-0 Be7 6. Re1 0-0 7. c3 d6 8. d4 Bg4 9. Be3 b5 10. Bb3 Qd7 11. Nbd2 Rfe8 12. h3 Bh5 13. Nf1 Bf8 14. Ng3 Bg6 15. Nh4 Rad8 16. Nxg6 hxg6 17. Qd2 1-0

[Event "COL-ch sf1"]
[Site "Medellin"]
[Date "2019.04.21"]
[Round "10"]
[White "Gomez Rondon, Samuel"]
[Black "Sepulveda, Julio Orlando"]
[Result "1-0"]
[WhiteElo "1696"]
[BlackElo "2027"]
[PlyCount "48"]
[EventDate "2019.04.16"]
[EventType "swiss"]
[EventRounds "10"]
[EventCountry "COL"]
[SourceTitle "CBM 190 Extra"]
[Source "ChessBase"]
[SourceDate "2019.07.15"]
[SourceVersion "1"]
[SourceVersionDate "2019.07.15"]
[SourceQuality "1"]

1. e4 c5 2. Nf3 d6 3. d4 cxd4 4. Nxd4 Nf6 5. Nc3 a6 6. Bg5 e6 7. f4 h6 8. Bh4 Qb6 9. a3 Nc6 10. Bf2 Qc7 11. Qf3 Nxd4 12. Bxd4 Be7 13. h3 b5 14. e5 Bb7 15. Qg3 dxe5 16. Bxe5 Qb6 17. 0-0-0 b4 18. axb4 Qxb4 19. Qxg7 Rg8 20. Qxh6 Rg6 21. Qh8+ Bf8 22. Bd6 Rg8 23. Qxg8 Nxg8 24. Bxb4 Bxb4 1-0

[Event "COL-ch sf1"]
[Site "Medellin"]
[Date "2019.04.19"]
[Round "7"]
[White "Sepulveda, Julio Orlando"]
[Black "Martinez Paipa, Hernan"]
[Result "1/2-1/2"]
[WhiteElo "2027"]
[BlackElo "1797"]
[PlyCount "40"]
[EventDate "2019.04.16"]
[EventType "swiss"]
[EventRounds "10"]
[EventCountry "COL"]
[SourceTitle "CBM 190 Extra"]
[Source "ChessBase"]
[SourceDate "2019.07.15"]
[SourceVersion "1"]
[SourceVersionDate "2019.07.15"]
[SourceQuality "1"]

1. e4 c6 2. d4 d5 3. Nd2 dxe4 4. Nxe4 Bf5 5. Ng3 Bg6 6. h4 h6 7. Bd3 Bxd3 8. Qxd3 Nf6 9. Nf3 Nbd7 10. Bd2 e6 11. Ne4 Nxe4 12. Qxe4 Nf6 13. Qe2 Qc7 14. g3 Bd6 15. 0-0-0 0-0-0 16. c4 c5 17. Bc3 Rd7 18. dxc5 Qxc5 19. Bd4 Qa5 20. Kb1 Rhd8 1/2-1/2

[Event "COL pre olympic sf3"]
[Site "Dosquebradas"]
[Date "2018.06.03"]
[Round "8"]
[White "Jaramillo, Carlos Orlando"]
[Black "Sepulveda, Julio Orlando"]
[Result "0-1"]
[WhiteElo "1887"]
[BlackElo "2077"]
[PlyCount "53"]
[EventDate "2018.05.30"]
[EventType "swiss"]
[EventRounds "10"]
[EventCountry "COL"]
[SourceTitle "CBM 184 Extra"]
[Source "ChessBase"]
[SourceDate "2018.06.28"]
[SourceVersion "1"]
[SourceVersionDate "2018.06.28"]
[SourceQuality "1"]

1. e4 c5 2. Nf3 d6 3. d4 cxd4 4. Nxd4 Nf6 5. Nc3 a6 6. f3 e6 7. Be3 Nbd7 8. Bc4 Qc7 9. Bb3 Nc5 10. g4 b5 11. Qd2 Bb7 12. 0-0-0 Be7 13. Kb1 b4 14. Kc1 Nxb3+ 15. axb3 Nd7 16. Nb1 Rb8 17. Qe2 a5 18. Nd2 Rc8 19. Kb1 Nb6 20. Rc1 a4 21. Bf2 Bd8 22. Qe3 Be7 23. c3 e5 24. cxb4 exd4 25. Rxc7 dxe3 26. Rxc8+ Nxc8 27. Bxe3 0-1

[Event "COL pre olympic sf3"]
[Site "Dosquebradas"]
[Date "2018.06.03"]
[Round "9"]
[White "Sepulveda, Julio Orlando"]
[Black "Martinez, Jorge Alexander"]
[Result "0-1"]
[WhiteElo "2077"]
[BlackElo "2265"]
[PlyCount "102"]
[EventDate "2018.05.30"]
[EventType "swiss"]
[EventRounds "10"]
[EventCountry "COL"]
[SourceTitle "CBM 184 Extra"]
[Source "ChessBase"]
[SourceDate "2018.06.28"]
[SourceVersion "1"]
[SourceVersionDate "2018.06.28"]
[SourceQuality "1"]

1. e4 c5 2. Nf3 e6 3. Nc3 a6 4. a4 d5 5. exd5 exd5 6. d4 c4 7. g3 Nf6 8. Bg2 Be7 9. 0-0 0-0 10. Ne5 Nc6 11. h3 Be6 12. Kh2 Qb6 13. Ne2 Rfe8 14. c3 Rad8 15. Qc2 g6 16. Nxc6 bxc6 17. a5 Qb7 18. g4 Bd6+ 19. Kg1 Rb8 20. f4 Bd7 21. Ng3 c5 22. Qd2 cxd4 23. Qxd4 Qc6 24. Kh1 Bc5 25. Qd1 Qb7 26. f5 Ne4 27. Nxe4 dxe4 28. fxg6 fxg6 29. Qe2 Bb5 30. Be3 Qa7 31. Bg5 Qc7 32. Bf4 Bd6 33. Bxd6 Qxd6 34. Rad1 Qe6 35. Qe3 Bc6 36. Rf2 Rb5 37. Rdf1 Qe5 38. Rf6 Bd5 39. Qh6 Rbb8 40. Kg1 Be6 41. Qe3 Rxb2 42. R6f4 Bd5 43. Qc5 Rxg2+ 44. Kxg2 e3+ 45. Kg1 e2 46. Re1 Qxf4 47. Qxd5+ Kg7 48. Qd4+ Qxd4+ 49. cxd4 c3 50. Kf2 c2 51. d5 Re5 0-1

[Event "COL pre olympic sf3"]
[Site "Dosquebradas"]
[Date "2018.06.02"]
[Round "7"]
[White "Sepulveda, Julio Orlando"]
[Black "Rivera, Ingris"]
[Result "0-1"]
[WhiteElo "2077"]
[BlackElo "2216"]
[PlyCount "106"]
[EventDate "2018.05.30"]
[EventType "swiss"]
[EventRounds "10"]
[EventCountry "COL"]
[SourceTitle "CBM 184 Extra"]
[Source "ChessBase"]
[SourceDate "2018.06.28"]
[SourceVersion "1"]
[SourceVersionDate "2018.06.28"]
[SourceQuality "1"]

1. e4 c5 2. Nf3 d6 3. d4 cxd4 4. Nxd4 Nf6 5. Nc3 a6 6. Bc4 e6 7. Bb3 Nbd7 8. Be3 Nc5 9. f3 b5 10. Qd2 Qc7 11. 0-0-0 b4 12. Nce2 Nxb3+ 13. Nxb3 d5 14. Bf4 Bd6 15. Bxd6 Qxd6 16. Nf4 0-0 17. Rhe1 Nd7 18. exd5 e5 19. Nh5 Qg6 20. g4 a5 21. Qe3 f5 22. h3 a4 23. Nd2 Ba6 24. f4 Rac8 25. g5 Qxh5 26. fxe5 f4 27. Qd4 Nc5 28. Kb1 b3 29. cxb3 axb3 30. Ka1 f3 31. e6 f2 32. e7 fxe1Q 33. exf8Q+ Rxf8 34. Rxe1 Nd3 35. Rb1 bxa2 36. Rg1 Qe2 37. Nb3 Bc4 38. Nc1 Rf1 39. Rxf1 Qxf1 40. Qxc4 Qxc1+ 41. Qxc1 Nxc1 42. b4 Kf7 43. b5 Ke7 44. Kb2 Kd6 45. b6 Nb3 46. Kxa2 Nc5 47. Ka3 Kxd5 48. Kb4 Kc6 49. Kc4 Ne4 50. h4 Nd6+ 51. Kd3 Kxb6 52. Kd4 Kc6 53. h5 Kd7 0-1

[Event "Pan American-ch Seniors 65"]
[Site "Neiva"]
[Date "2017.10.14"]
[Round "6"]
[White "Zambrano, Carlos Augusto"]
[Black "Sepulveda, Julio Orlando"]
[Result "0-1"]
[WhiteElo "1896"]
[BlackElo "2121"]
[PlyCount "86"]
[EventDate "2017.10.11"]
[EventType "swiss"]
[EventRounds "9"]
[EventCountry "COL"]
[SourceTitle "CBM 181 Extra"]
[Source "ChessBase"]
[SourceDate "2017.12.12"]
[SourceVersion "1"]
[SourceVersionDate "2017.12.12"]
[SourceQuality "1"]

1. e4 c5 2. f4 Nc6 3. Nc3 e6 4. Nf3 a6 5. g3 b5 6. Bg2 Bb7 7. d3 Be7 8. Be3 Nf6 9. h3 d5 10. e5 d4 11. exf6 gxf6 12. Bd2 dxc3 13. bxc3 Qc7 14. Qe2 Rg8 15. Qf2 f5 16. Ng1 0-0-0 17. Ne2 Kb8 18. Be3 Na5 19. Bxb7 Nxb7 20. Qf3 Qa5 21. Kf2 Bf6 22. Bd2 c4 23. a4 b4 24. cxb4 Qc7 25. Ra3 cxd3 26. cxd3 Qc2 27. Bc3 Bxc3 28. Rxc3 Qxa4 29. Rb1 Rd5 30. Rcb3 Qb5 31. g4 fxg4 32. hxg4 h5 33. Rg1 hxg4 34. Qe3 Rh5 35. Nd4 Qa4 36. Rc3 Rh2+ 37. Rg2 g3+ 38. Kf3 Ka8 39. Rc1 Rxg2 40. Kxg2 Qa2+ 41. Rc2 Qd5+ 42. Qe4 Qh5 43. Nf3 Qb5 0-1

[Event "Uni De Paula Santander op 3rd"]
[Site "Ocana"]
[Date "2017.09.30"]
[Round "4"]
[White "Romero Barreto, Jaime Jose"]
[Black "Sepulveda, Julio Orlando"]
[Result "1-0"]
[WhiteElo "2217"]
[BlackElo "2121"]
[PlyCount "59"]
[EventDate "2017.09.29"]
[EventType "swiss"]
[EventRounds "7"]
[EventCountry "COL"]
[SourceTitle "CBM 181 Extra"]
[Source "ChessBase"]
[SourceDate "2017.12.12"]
[SourceVersion "1"]
[SourceVersionDate "2017.12.12"]
[SourceQuality "1"]

1. e4 c5 2. c3 d6 3. d4 Qc7 4. Nf3 Nd7 5. Bb5 a6 6. Bxd7+ Bxd7 7. 0-0 e6 8. Bf4 Be7 9. Nbd2 b5 10. Re1 Qb6 11. dxc5 Qxc5 12. Rc1 Nf6 13. e5 dxe5 14. Bxe5 Bc6 15. c4 b4 16. Nb3 Qb6 17. c5 Qd8 18. Nbd4 Bd5 19. Qa4+ Kf8 20. Qxb4 a5 21. Qb5 Qc8 22. Bd6 Ne4 23. Ne5 f6 24. Nd7+ Kf7 25. Bxe7 Kxe7 26. Nb6 Qd8 27. c6 Qd6 28. Nxd5+ Qxd5 29. Qb7+ Kd6 30. Rxe4 1-0

[Event "COL-chT"]
[Site "Ibague"]
[Date "2017.07.21"]
[Round "6.2"]
[White "Salcedo Perez, Pablo Esteban"]
[Black "Sepulveda, Julio Orlando"]
[Result "0-1"]
[WhiteElo "2227"]
[BlackElo "2059"]
[PlyCount "56"]
[EventDate "2017.07.19"]
[EventType "team-swiss"]
[EventRounds "6"]
[EventCountry "COL"]
[SourceTitle "CBM 179 Extra"]
[Source "ChessBase"]
[SourceDate "2017.08.23"]
[SourceVersion "1"]
[SourceVersionDate "2017.08.23"]
[SourceQuality "1"]
[WhiteTeam "Antioquia Talentos"]
[BlackTeam "Norte de Santander"]
[WhiteTeamCountry "COL"]
[BlackTeamCountry "COL"]

1. d4 c5 2. d5 d6 3. c4 g6 4. Bd2 Bg7 5. Bc3 Nf6 6. g3 Bd7 7. Bg2 b5 8. cxb5 Bxb5 9. Nf3 0-0 10. 0-0 Nbd7 11. Re1 Rb8 12. Bh3 Nb6 13. e4 Na4 14. e5 Ne8 15. b3 Nxc3 16. Nxc3 Ba6 17. Rc1 Nc7 18. Bf1 Bb7 19. Bc4 Qd7 20. Ne4 Bc8 21. Neg5 Qd8 22. e6 fxe6 23. dxe6 Nb5 24. Nxh7 Kxh7 25. Ng5+ Kg8 26. Bxb5 Rxb5 27. Qd3 Qe8 28. Qe4 Bb7 0-1

[Event "COL-chT"]
[Site "Ibague"]
[Date "2017.07.19"]
[Round "1.2"]
[White "Sepulveda, Julio Orlando"]
[Black "Sanchez Lopez, Luis Antonio"]
[Result "1-0"]
[WhiteElo "2059"]
[BlackElo "1810"]
[PlyCount "49"]
[EventDate "2017.07.19"]
[EventType "team-swiss"]
[EventRounds "6"]
[EventCountry "COL"]
[SourceTitle "CBM 179 Extra"]
[Source "ChessBase"]
[SourceDate "2017.08.23"]
[SourceVersion "1"]
[SourceVersionDate "2017.08.23"]
[SourceQuality "1"]
[WhiteTeam "Norte de Santander"]
[BlackTeam "San Andres"]
[WhiteTeamCountry "COL"]
[BlackTeamCountry "COL"]

1. e4 e5 2. Nf3 Nc6 3. d4 exd4 4. Nxd4 Nxd4 5. Qxd4 d6 6. Nc3 Nf6 7. Be2 Be7 8. f4 c6 9. Be3 Be6 10. h3 d5 11. f5 c5 12. Qd2 Bxf5 13. exf5 d4 14. 0-0-0 dxc3 15. Qxc3 Qc7 16. g4 Ne4 17. Qc4 Ng3 18. Qa4+ Kf8 19. Rhe1 Nxe2+ 20. Rxe2 Rd8 21. Rde1 Qc6 22. Qxc6 bxc6 23. Bf4 Rd7 24. Rxe7 Rxe7 25. Bd6 1-0

[Event "Caracas Torbin op"]
[Site "Caracas"]
[Date "2014.12.21"]
[Round "7"]
[White "Sepulveda, Julio Orlando"]
[Black "Diaz Carias, Salvador"]
[Result "1/2-1/2"]
[WhiteElo "2050"]
[BlackElo "2027"]
[PlyCount "30"]
[EventDate "2014.12.18"]
[EventType "swiss"]
[EventRounds "7"]
[EventCountry "VEN"]
[SourceTitle "CBM 164 Extra"]
[Source "ChessBase"]
[SourceDate "2015.03.02"]
[SourceVersion "1"]
[SourceVersionDate "2015.03.02"]
[SourceQuality "1"]

1. c4 Nf6 2. Nc3 c5 3. g3 g6 4. b3 Bg7 5. Bb2 0-0 6. Bg2 Nc6 7. Nf3 d6 8. 0-0 Bd7 9. d4 cxd4 10. Nxd4 Qa5 11. Nc2 Qh5 12. Re1 Rfe8 13. Ne3 Ng4 14. Nxg4 Bxg4 15. Qd2 Be6 1/2-1/2

[Event "Caracas Torbin op"]
[Site "Caracas"]
[Date "2014.12.20"]
[Round "4"]
[White "Rico Hernandez, Edgar"]
[Black "Sepulveda, Julio Orlando"]
[Result "0-1"]
[WhiteElo "1859"]
[BlackElo "2050"]
[PlyCount "119"]
[EventDate "2014.12.18"]
[EventType "swiss"]
[EventRounds "7"]
[EventCountry "VEN"]
[SourceTitle "CBM 164 Extra"]
[Source "ChessBase"]
[SourceDate "2015.03.02"]
[SourceVersion "1"]
[SourceVersionDate "2015.03.02"]
[SourceQuality "1"]

1. d4 d5 2. c4 e6 3. Nc3 Nf6 4. Bg5 c6 5. Nf3 Nbd7 6. e3 Qa5 7. Bxf6 Nxf6 8. Nd2 Bb4 9. Qc2 Bd7 10. Bd3 Rc8 11. 0-0 0-0 12. Rac1 Rfd8 13. Rfd1 Be8 14. a3 Bd6 15. Nf3 Bf8 16. c5 g6 17. Ra1 Bg7 18. b4 Qc7 19. Rab1 Nd7 20. Ne2 e5 21. dxe5 Nxe5 22. Nxe5 Bxe5 23. h3 f5 24. Kh1 Qe7 25. Ng1 Bf6 26. Nf3 Bd7 27. Kg1 Be6 28. Rb3 Rf8 29. Be2 Rf7 30. Qd2 a6 31. Bd3 Qf8 32. Qe2 Re7 33. Re1 Qh6 34. Rbb1 Qg7 35. Rb3 g5 36. Bc2 Rce8 37. Nd4 Bd7 38. Nf3 g4 39. hxg4 fxg4 40. Nh2 Qg5 41. Nf1 h5 42. Ng3 Be6 43. Rbb1 Bf7 44. Rb3 h4 45. Nf1 Bg6 46. Bxg6 Qxg6 47. Rd3 Qg5 48. Qd2 Qh5 49. Qc1 Qg5 50. Rb3 Re4 51. Qd2 d4 52. Rd3 R8e7 53. g3 hxg3 54. Nxg3 R4e6 55. Ne2 Re4 56. Nf4 Re8 57. Qc2 g3 58. fxg3 R8e7 59. Rc3 dxe3 60. Rb3 0-1